LEADER 01224nam a2200289 a 4500 001 000000129538 003 CaOOAMICUS 005 20120705114415.0 008 120705s2008 it u000 u ita r 020 $a978-88-244-6318-8 040 $aPUL$bita 082 04$a340 245 00$aCompendio di diritto consolare. 260 $aNapoli :$bEsselibri-Simone,$c2008. 300 $a239 p. ;$c21 cm. 490 1 $aVolumi di base ;$v46/5 500 $aSul front.: In appendice: Convenzione di Vienna sulle relazioni consolari, Protocolli relativi e principali normative nazionali e comunitarie. 650 4$aDiplomazia$xLegislazione.$0(OLS)http://pul/subject/38793 830 0$aVolumi di base ;$v46/5.$0(OLS)http://pul/title/163704 850 $aPUL 852 $aPUL$W1$xDP2 Diritto e Scienze Sociali 3$y110$m340 COLL 3.46.5$j150028$qDDC 21$B148549$CPULBib$Z2$F148549 $H120273 $82 941 1 $a9 996 $6020$a978-88-244-6318-8$9(OLS)http://pul/number/150181 996 $6082$a340$9(OLS)http://pul/classification/419 996 $6245$aCompendio di diritto consolare$9(OLS)http://pul/title/163708 996 $6260$aNapoli :$bEsselibri-Simone$9(OLS)http://pul/publisher/67437 LEADER 01283nam a2200301 u 4500 001 000000007069 003 CaOOAMICUS 005 20070226104937.0 008 940514s1978 it u000 u ita u 035 $a10184974 040 $aPUL(R)$bita 245 02$aL'autogestione :$bdemocrazia politica e democrazia industriale /$c[testi di Engels ... et al. ; a cura di] M. La Rosa e M. Gori. 260 $aRoma :$bCittà Nuova,$c1978. 300 $a325 p. ;$c19 cm 490 1 $aIdee ;$v30 500 $aContributo di autotori vari. 504 $aBibliografia: p. [79]-139. 650 4$aAutogestione.$0(OLS)http://pul/subject/6301 700 1 $aLa Rosa, Michele,$d1937-$0(OLS)http://pul/name/7100 700 1 $aEngels, Friedrich,$d1820-1895.$0(OLS)http://pul/name/7165 700 1 $aGori, Mauro.$0(OLS)http://pul/name/7102 830 0$aIdee ;$v30.$0(OLS)http://pul/title/622 850 $aPUL 852 $aPUL$W1$xSL Filosofia 2$y80$mPhil A15 30$j9973$nBK-PRI$b $qStampati altre collocazioni$B9973$CPULBib$Z2$F9973 $H $81 941 1 $a10 961 $aINV: 57489 996 $6245$aL'autogestione :$bdemocrazia politica e democrazia industriale$9(OLS)http://pul/title/10368 996 $6260$aRoma :$bCittà Nuova$9(OLS)http://pul/publisher/47927